000 00397nam a2200145Ia 4500
008 230411s9999 xx 000 0 und d
020 _a81 8061 380 1
041 _aeng
082 _aMS/610.73677/GUP/B04723
100 _aGupta Shuva Das.
_9178330
245 _aMedical Surgical Interventions for the Criticallly
260 _bGeneral
_aNew Delhi
_c2005
300 _a262p
999 _c155328
_d155328